Environmental education and pollution control / (Record no. 31776)

MARC details
000 -LEADER
fixed length control field 01493nam a22003137a 4500
005 - DATE AND TIME OF LATEST TRANSACTION
control field 2009111306196.0
008 - FIXED-LENGTH DATA ELEMENTS--GENERAL INFORMATION
fixed length control field 091113t xxu||||| |||| 00| 0 eng d
010 ## - LCCN (DPL NO)
LC control number ENG-95439
020 ## - INTERNATIONAL STANDARD BOOK NUMBER
International Standard Book Number 818324274X
Terms of availability 360.00
020 ## - INTERNATIONAL STANDARD BOOK NUMBER
International Standard Book Number 9788183242745
Terms of availability 360.00
035 ## - SYSTEM CONTROL NUMBER
System control number EN-78972
037 ## - SOURCE OF ACQUISITION
Source of stock number/acquisition DBAD/PUB
040 ## - CATALOGING SOURCE
Original cataloging agency DPL
Language of cataloging ENG
082 ## - DEWEY DECIMAL CLASSIFICATION NUMBER
Classification number 333.7071054
100 ## - MAIN ENTRY--PERSONAL NAME
Personal name Tilottama Senapati
9 (RLIN) 6521
245 ## - TITLE STATEMENT
Title Environmental education and pollution control /
Statement of responsibility, etc by Tilottama Senapati [and] Rajan Kumar Sahoo
260 ## - PUBLICATION, DISTRIBUTION, ETC. (IMPRINT)
Place of publication, distribution, etc New Delhi
Name of publisher, distributor, etc Mittal Publications
Date of publication, distribution, etc 2009
270 ## - ADDRESS
Address 4594/9, Darya Ganj
City New Delhi
Postal code 110002
300 ## - PHYSICAL DESCRIPTION
Extent xv,139p.
Dimensions 23cm (Hb)
500 ## - GENERAL NOTE
General note Includes bibliographical references and index
520 ## - SUMMARY, ETC.
Summary, etc Study conducted among the 100 students of class IX of four govt. high schools in Kendrapara District of Orissa, India.
650 ## - SUBJECT ADDED ENTRY--TOPICAL TERM
Topical term or geographic name as entry element Environmental educaition
General subdivision India
Geographic subdivision Kendrapara (District)
9 (RLIN) 6522
650 ## - SUBJECT ADDED ENTRY--TOPICAL TERM
Topical term or geographic name as entry element Pollution prevention
General subdivision India
Geographic subdivision Kendrapara (District)
9 (RLIN) 6523
700 ## - ADDED ENTRY--PERSONAL NAME
Personal name Sahoo, Rajan Kumar
9 (RLIN) 6524
856 ## - ELECTRONIC LOCATION AND ACCESS
Uniform Resource Identifier <a href="http://www.loc.gov/catdir/toc/ecip0721/2007025342.html">http://www.loc.gov/catdir/toc/ecip0721/2007025342.html</a>
942 ## - ADDED ENTRY ELEMENTS (KOHA)
Source of classification or shelving scheme Dewey Decimal Classification
Item type English Books
Call number suffix TIL
Classification part 333.7071054
Holdings
Withdrawn status Lost status Source of classification or shelving scheme Damaged status Not for loan Collection code Home library Current library Date acquired Source of acquisition Cost, normal purchase price Total Checkouts Full call number Barcode Date last seen Copy number Cost, replacement price Koha item type
    Dewey Decimal Classification   Not For Loan Non-fiction D.B.Act.Division D.B.Act.Division 13/11/2009 DBAD / PUB 360.00   333.7071054 TIL EN-78972 13/11/2009 1 360.00 English Books

© Delhi Public Library
Hit Counter
free hit counter